00529nam a2200157 i 4500001000700000003000900007005001700016008004100033110001300074240004700087245004200134260003100176300002100207610003400228852010900262184665ES-MaACL20250827062642.0151105s1860 sp |||| | spa d1 aEspaña10aLey Orgánica del Consejo de Estado, 186010aLey Orgánica del Consejo de Estado. a[Madrid : bs.n., c1860?] a16 p. ; c21 cm.14aEspaña. bConsejo de Estado4 aES-MaACLjT-139-F-2 z- Enc. en un vol. facticio, falto de cub. original y port. z- Donat. Gallardo